| 000 | 00908cam a2200205 4500 | ||
|---|---|---|---|
| 001 | 2870 | ||
| 003 | OCoLC | ||
| 005 | 20181127165946.0 | ||
| 008 | 040927s2005 nyub 000 1 eng | ||
| 020 | _a9780751537291 | ||
| 043 | _aee----- | ||
| 100 | 1 | _aKostova, Elizabeth. | |
| 245 | 1 | 4 |
_aThe historian : _ba novel / _cElizabeth Kostova. |
| 260 |
_aLondon : _bSphere, _c2008. |
||
| 300 |
_aix, 704 p. : _c18 cm. |
||
| 520 | _aA young woman discovers an ancient book and a cache of old letters in her father's library, and thus begins her adventurous quest for the truth about Vlad the Impaler, a search that will span continents and generations, and a confrontation with the darkest powers of evil. | ||
| 600 |
_aVlad -- III, -- Prince of Wallachia, -- 1430 or 1431-1476 or 1477 -- Fiction. _b _c _d _e _f _k _l _m _n _o _p _q _r _s _t _v _x _y _z _2 |
||
| 650 |
_aScholars -- _vFiction. _x _y _z _2 |
||
| 650 | 0 |
_aVampires _vFiction. |
|
| 999 |
_c2301 _d2301 |
||